000 00926cam a2200301 4500
008 090401t1988 xxu||||| |||| 00| 0 eng d
020 _a0854063927
035 _a(Sirsi) u47092
041 _aeng
050 _a630.026
090 _a630.026
090 _aRICS 1988/24ABCD
110 _aCountry Landowners' Association
_92816
245 _aFarm woodlands: model forms for landlords and tenants
260 _aLondon
_bRoyal Institution of Chartered Surveyors
_c1988
300 _a13p. ; 30cm.
350 _a4.5
520 _aModel forms of forestry lease and model clauses for farm tenancy agreements
650 _aFARM TENANCY AGREEMENTS
650 _aFARM WOODLAND SCHEME
650 _aMODEL CLAUSES
650 _aMODEL FORESTRY LEASE
650 _aWOODLANDS
710 _aNational Farmers' Union
_9456
710 _aRoyal Institution of Chartered Surveyors
_94900
942 _n0
948 _c04/03/1997
999 _c92069
_d92069